| 000 | 00861nam a22002415a 4500 | ||
|---|---|---|---|
| 005 | 20160413115032.0 | ||
| 008 | 160413t2015 nyua frbd 001 0 eng d | ||
| 020 | _a9789814575423 | ||
| 040 |
_aEG-ScBUE _beng _cEG-ScBUE _dEG-ScBUE |
||
| 082 | 0 | 4 |
_222 _a658 _bMCS |
| 100 | 1 |
_aMcShane, Steven Lattimore _939813 |
|
| 245 | 1 | 0 |
_aOrganizational behavior : _bemerging knowledge global reality / _cSteven L. McShane, Mary Ann Von Glinow. |
| 250 | _a7th ed., Global ed. | ||
| 260 |
_a[New York] : _bMcGraw Hill Education, _cc.2015. |
||
| 300 |
_a(Various pagings) : _bill. (col.) ; _c28 cm. |
||
| 500 | _aIncludes indexes and glossary. | ||
| 504 | _aIncludes bibliographical references. | ||
| 650 | 7 |
_2BUEsh _94617 _aOrganizational behavior. |
|
| 651 | _2BUEsh | ||
| 653 |
_bBUSADM _cApril2016 |
||
| 700 |
_926113 _aVon Glinow, Mary Ann Young, _d1949- |
||
| 942 | _2ddc | ||
| 999 |
_c21619 _d21591 |
||